|
|
|
|
| LEADER |
00900nam a22002417a 4500 |
| 001 |
37885 |
| 003 |
BD-DhAAL |
| 008 |
220301r20041994ii ||||| |||| 001 0 eng d |
| 999 |
|
|
|c 43622
|d 43622
|
| 020 |
|
|
|a 0706993543
|
| 040 |
|
|
|a BD-DhAAL
|
| 082 |
|
|
|a 370.15
|2 23
|
| 100 |
|
|
|a Aggarwal, J. C.
|9 46260
|
| 245 |
|
|
|a Essentials of educational psychology /
|c J. C. Aggarwal
|
| 260 |
|
|
|a New Delhi :
|b Vikas,
|c c1994 [sixth reprinted 2004].
|
| 300 |
|
|
|a xiii, 581 pages ;
|c 22 cm.
|
| 500 |
|
|
|a Includes index.
|
| 526 |
|
|
|a BIED
|
| 541 |
|
|
|a Complimentary copy from BIED
|e 37885
|
| 650 |
|
|
|a Educational psychology.
|9 46261
|
| 852 |
|
|
|a Ayesha Abed Library
|c BIED Collection
|
| 942 |
|
|
|2 ddc
|c BK
|
| 952 |
|
|
|0 0
|1 0
|2 ddc
|4 0
|6 370_150000000000000_AGG
|7 0
|9 69942
|a BRACUL
|b BRACUL
|c GEN
|d 2022-03-01
|e Complimentary copy from BIED
|l 0
|o 370.15 AGG
|p 3010037885
|r 2022-03-01
|t 1
|w 2022-03-01
|y BK
|x Transferred from BIED to General Stacks
|